000
00341nam a2200145Ia 4500
008
191201s2003 xx 000 0 und d
082
_a
621.381
_b
MEF
100
_a
MEADE, Russell
245
0
_a
Foundations of Electronics
250
_a
4th
260
_a
N.Delhi
_b
Thomson
_c
2003
300
_a
1152
650
_a
B.Tech(ECE)
942
_2
ddc
_c
BK
999
_c
1802
_d
1802